000 00480nam a22001697a 4500
005 20251108175130.0
008 250721s2002 xx 000 0 ara d
082 1 4 _aم/909/ديو
100 1 _aديورانت، ول
245 1 0 _aملخص قصة الحضارة /
264 1 _aبيروت :
_bمؤسسة الرسالة ناشرون،
_c2002.
300 _a4 ج.
650 1 7 _aالحضارات
700 1 _aديب، سهيل
_eمعد
942 _2ddc
_cREF
999 _c126934
_d126934